000 00499nam a2200157 i 4500
001 89803
003 ES-MaACL
005 20230906180254.0
007 t|
008 050113s1946 fr ||||1| fre d
100 1 _aLaurent, René.
_970637
245 1 0 _aCommet-devenier-electricien
_b: ouvrage suiví d'elements de technologie /
_cRené Laurent.
260 _aLyon :
_bEditions de la Guillotierer,
_c[1946] (
_fImp. Reuniés)
300 _aX, 176 p. ;
_c21 cm.
852 _aES-MaACL
_jC-4528
_bR.25005
999 _c89803
_d89803